| 000 | 01269cam a2200253 4500 | ||
|---|---|---|---|
| 001 | L137076 | ||
| 008 | 070313s2007 xxk f 000 0 eng d | ||
| 035 | _a(Sirsi) u137076 | ||
| 041 | 0 | _aeng | |
| 100 | 1 | _aThame, David | |
| 245 | 0 | 0 | _aFocus Cambridgeshire, Norfolk and Suffolk |
| 260 | _c2007 | ||
| 490 | 0 |
_aEstates Gazette _v(0710) 10 March 2007, 121-157(17) |
|
| 520 | _aArgues that developers are active in Norwich but still wary of speculative starts in Ipswich. Looks at the rental market in Cambridge where agents forecast growth before the market peaks. Examines the hi-tech sector in Cambridgeshire. Reports on the possible effect of the arrival of two huge retail developments in Cambridge on the existing retail offer. Looks at the East Anglia industrial market and argues that it is time for developers to move forward with proposals in the pipeline. Reports on the anxiety of local agents about town planners' wishes to demote the city's distribution sector. | ||
| 590 | _aKA | ||
| 651 | 4 | _aEAST ANGLIA | |
| 690 | _aPROPERTY-COMMERCIAL PROPERTY-COMMERCIAL PROPERTY MARKET | ||
| 700 | 1 | _aCunningham, Daniel | |
| 700 | 1 | _aMoore, Charlotte | |
| 700 | 1 | _aAugust, Alysia | |
| 700 | 1 | _aElghamry, Nadia | |
| 700 | 1 | _aBentley, Ross | |
| 942 | _n0 | ||
| 999 |
_c106632 _d106632 |
||